Sports Quiz

Random Sports or French Quiz

French Open Winners Quiz Stats

 Plays Quiz Updated Dec 23, 2018

Score 0/102 Timer 10:00
34 Plays Today
Year Player % Correct
Men'sRafael Nadal
96.5%
Men'sRafael Nadal
96.5%
Men'sRafael Nadal
96.5%
Men'sRafael Nadal
96.5%
Men'sRafael Nadal
95.6%
Men'sRafael Nadal
95.4%
Men'sRafael Nadal
95.3%
Men'sRafael Nadal
94.8%
Men'sRafael Nadal
94.4%
Women'sSerena Williams
92.7%
Women'sSerena Williams
92.7%
Women'sSerena Williams
90.2%
Men'sAndre Agassi
87.1%
Men'sNovak Djokovic
86.7%
Men'sRoger Federer
83.1%
Men'sBjörn Borg
82.6%
Men'sBjörn Borg
82.6%
Men'sBjörn Borg
82.6%
Men'sBjörn Borg
82.6%
Men'sBjörn Borg
82.6%
Men'sBjörn Borg
82.6%
Women'sSteffi Graf
79.7%
Women'sSteffi Graf
79.7%
Women'sSteffi Graf
79.7%
Women'sSteffi Graf
79.7%
Women'sSteffi Graf
79.7%
Women'sSteffi Graf
79.7%
Women'sMaria Sharapova
77.2%
Women'sMaria Sharapova
76.6%
Women'sMartina Navrátilová
74.3%
Women'sMartina Navrátilová
74.3%
Women'sJustine Henin
69.6%
Women'sJustine Henin
69.6%
Women'sJustine Henin
69.6%
Year Player % Correct
Women'sJustine Henin
69.6%
Men'sIvan Lendl
69.2%
Men'sIvan Lendl
69.2%
Men'sIvan Lendl
69.2%
Women'sChris Evert
67.4%
Women'sChris Evert
67.4%
Women'sChris Evert
67.4%
Women'sChris Evert
67.4%
Women'sChris Evert
67.4%
Women'sChris Evert
67.4%
Women'sChris Evert
67.4%
Women'sMonica Seles
67%
Women'sMonica Seles
67%
Women'sMonica Seles
67%
Men'sStanislas Wawrinka
66.5%
Men'sRafael Nadal
64.3%
Men'sRod Laver
60%
Women'sBillie Jean King
58.4%
Men'sMichael Chang
56.3%
Men'sJim Courier
55.3%
Men'sJim Courier
55.3%
Women'sLi Na
53.4%
Men'sRafael Nadal
53.3%
Men'sGustavo Kuerten
52.9%
Men'sGustavo Kuerten
52.9%
Men'sGustavo Kuerten
52.9%
Men'sMats Wilander
52.8%
Men'sMats Wilander
52.8%
Men'sMats Wilander
52.8%
Women'sMargaret Smith Court
51.7%
Women'sMargaret Smith Court
51.7%
Women'sMargaret Smith Court
51.7%
Women'sJennifer Capriati
45.6%
Women'sAna Ivanović
45.4%
Year Player % Correct
Women'sArantxa Sánchez Vicario
44.4%
Women'sArantxa Sánchez Vicario
44.4%
Women'sArantxa Sánchez Vicario
44.4%
Men'sJuan Carlos Ferrero
42.6%
Women'sGarbine Muguruza
42.3%
Women'sSimona Halep
40.8%
Men'sCarlos Moyà
40%
Women'sJelena Ostapenko
39.7%
Women'sEvonne Goolagong Cawley
38.4%
Women'sMary Pierce
37.7%
Men'sIlie Năstase
36.9%
Men'sYannick Noah
35.8%
Men'sGuillermo Vilas
34.8%
Women'sSvetlana Kuznetsova
34.5%
Men'sGastón Gaudio
33.4%
Men'sYevgeny Kafelnikov
33.3%
Men'sThomas Muster
31.3%
Men'sAlbert Costa
28.8%
Men'sSergi Bruguera
27.1%
Men'sSergi Bruguera
27.1%
Men'sKen Rosewall
26.6%
Women'sAnastasia Myskina
25.9%
Women'sFrancesca Schiavone
25.7%
Women'sHana Mandlíková
24.2%
Men'sAndrés Gómez
21.3%
Women'sIva Majoli
20.6%
Women'sSue Barker
19.9%
Men'sJan Kodeš
17.3%
Men'sJan Kodeš
17.3%
Men'sAdriano Panatta
12.8%
Men'sAndrés Gimeno
9.8%
Women'sVirginia Ruzici
9.6%
Women'sMima Jaušovec
8.8%
Women'sNancy Richey Gunter
8.7%

You're not logged in!

Compare scores with friends on all Sporcle quizzes.
OR
Log In

Show Comments

Extras

Top Quizzes Today


Score Distribution

Your Account Isn't Verified!

In order to create a playlist on Sporcle, you need to verify the email address you used during registration. Go to your Sporcle Settings to finish the process.

Report this User

Report this user for behavior that violates our Community Guidelines.

Details: